Statistiken für Meistbesuchte Länder von US-Präsidenten

Klicken Sie hier um das Quiz zu spielen!

Allgemein

  • Dieses Quiz wurde 16.090 mal gespielt
    (14.622 seit der letzten Aktualisierung)
  • Das Durchschnittsergebnis liegt bei 15 aus 21

Antwortstatistiken

# BesucheLand% Korrekt
32Deutschland
100%
47Frankreich
97%
40Kanada
97%
15Russland
97%
13China
96%
33Mexiko
95%
10Spanien
94%
42Vereinigtes Königreich
93%
23Japan
91%
13Brasilien
90%
31Italien
90%
14Polen
76%
19Südkorea
74%
19Belgien
61%
11Irland
57%
12Saudi-Arabien
55%
16Ägypten
54%
11Israel
47%
10Panama
27%
10Philippinen
25%
21Vatikanstadt
25%

Verteilung der Resultate

Perzentil nach korrekt beantworteten Fragen

Anzahl Personen mit jedem Resultat

Ihre Resultats-Entwicklung

Sie haben dieses Quiz seit der letzten Aktualisierung nicht gespielt